书目信息 |
| 题名: |
孙子现代版
|
|
| 作者: | 施芝华 著 | |
| 分册: | ||
| 出版信息: | 上海 上海古籍出版社 2007.06 |
|
| 页数: | 286页 | |
| 开本: | 24cm | |
| 丛书名: | 插图本现代版经典书系 | |
| 单 册: | ||
| 中图分类: | E892.25 | |
| 科图分类: | ||
| 主题词: | 兵法--bing fa--中国--春秋时代 | |
| 电子资源: | ||
| ISBN: | 978-7-5325-4775-3 | |
| 000 | 00910nam 2200265 450 | |
| 001 | 012008094631 | |
| 005 | 20080523112542.23 | |
| 010 | @a978-7-5325-4775-3@dCNY28.00 | |
| 100 | @a20080523d2007 em y0chiy0120 ea | |
| 101 | 0 | @achi |
| 102 | @aCN@b310000 | |
| 105 | @aa z 000yy | |
| 106 | @ar | |
| 200 | 1 | @a孙子现代版@Asun zi xian dai ban@f施芝华著@Fshi zhi hua zhu |
| 210 | @a上海@c上海古籍出版社@d2007.06 | |
| 215 | @a286页@c图@d24cm | |
| 225 | 2 | @a插图本现代版经典书系@Acha tu ben xian dai ban jing dian shu xi |
| 330 | @a本书主要分为:计篇、作战篇、谋攻篇、形篇、势篇、虚实篇、军争篇、九变篇=行军篇、地形篇、九地篇、火攻篇等。 | |
| 410 | 0 | @12001 @a插图本现代版经典书系 |
| 605 | @a孙子兵法@Asun zi bing fa@x研究 | |
| 606 | 0 | @a兵法@Abing fa@y中国@z春秋时代 |
| 690 | @aE892.25@v4 | |
| 701 | 0 | @a施芝华@Ashi zhi hua@4著 |
| 801 | 0 | @aCN@bQSSK@c20080523 |
| 905 | @b713262-64@dE892.25@eS506@f3 | |
| 孙子现代版/施芝华著.-上海:上海古籍出版社,2007.06 |
| 286页:图;24cm.-(插图本现代版经典书系) |
| ISBN 978-7-5325-4775-3:CNY28.00 |
| 本书主要分为:计篇、作战篇、谋攻篇、形篇、势篇、虚实篇、军争篇、九变篇=行军篇、地形篇、九地篇、火攻篇等。 |
| ● |
| 相关链接 |
|
|
|
正题名:孙子现代版
索取号:E892.25/S506
 
预约/预借
| 序号 | 登录号 | 条形码 | 馆藏地/架位号 | 状态 | 备注 |
| 1 | 713262 | 207132627 | 社科库509/509社科库 124排1列2层/ [索取号:E892.25/S506] | 在馆 | |
| 2 | 713263 | 207132636 | 社科库509/422社科库 44排1列3层/ [索取号:E892.25/S506] | 在馆 | |
| 3 | 713264 | 207132645 | 社科库509/509社科库 124排1列2层/ [索取号:E892.25/S506] | 在馆 |